000 00365nam a2200145Ia 4500
003 0STCL
008 150530s9999 xx 000 0 und d
040 _aSTCL
_cSTCL
100 _aSydsaeter,K.; Hammond,P.J.; Ed
245 _aMathematics for Economic Analysis
260 _bPearson Education
_c2002
546 _aEnglish
942 _2ddc
_cBK
999 _c6516
_d6516
005 20220125165433.0